[Event "Schneider Bohemia op-A"]
[Site "Plzen"]
[Date "2000.??.??"]
[Round "?"]
[White "Vreugdenhil, Frans"]
[Black "Trmota, Zdenek"]
[Result "0-1"]
[WhiteElo "2145"]
[BlackElo "2240"]
[PlyCount "94"]
[EventDate "2000.??.??"]
[EventType "swiss"]
[EventRounds "9"]
[EventCountry "CZE"]
[SourceTitle "EXT 2003"]
[Source "ChessBase"]
[SourceDate "2002.11.25"]
[SourceVersion "1"]
[SourceVersionDate "2002.11.25"]
[SourceQuality "1"]

1. d4 Nf6 2. c4 g6 3. Nc3 Bg7 4. e4 d6 5. f4 0-0 6. Be2 c5 7. d5 e6 8. Nf3 exd5 9. cxd5 Re8 10. e5 dxe5 11. fxe5 Ng4 12. Bg5 f6 13. exf6 Bxf6 14. Qd2 Bxg5 15. Qxg5 Qxg5 16. Nxg5 Ne3 17. Kd2 Nxg2 18. d6 Nc6 19. Raf1 Ne5 20. h4 Bg4 21. Bb5 Rf8 22. Nd5 h6 23. Ne4 Kg7 24. Nxc5 Nf3+ 25. Kc3 Rac8 26. Kb4 a5+ 27. Kc4 Nd2+ 28. Kd4 Nxf1 29. Rxf1 Rxf1 30. Bxf1 Nxh4 31. d7 Bxd7 32. Nxd7 Rc2 33. a4 Rxb2 34. Bb5 Rc2 35. Ke5 h5 36. Nf4 Nf3+ 37. Ke4 Ng5+ 38. Ke5 Nf7+ 39. Kd5 h4 40. Nc5 g5 41. Nfe6+ Kh6 42. Nd4 Rf2 43. Bd7 Nd8 44. Nf5+ Kg6 45. Ne3 h3 46. Ne4 Rf3 47. Ng4 Rd3+ 0-1